France: change and tradition (Record no. 368431)

000 -LEADER
fixed length control field 00429cam a22001457a 4500
008 - FIXED-LENGTH DATA ELEMENTS--GENERAL INFORMATION
fixed length control field 180718b1963 xxu||||| |||| 00| 0 eng d
082 ## - DEWEY DECIMAL CLASSIFICATION NUMBER
Classification number F5x44 H675a
100 ## - MAIN ENTRY--PERSONAL NAME
Personal name Hoffman, Stanley
245 ## - TITLE STATEMENT
Title France: change and tradition
Statement of responsibility, etc. by Stanley Hoffman...[et.al.]
260 ## - PUBLICATION, DISTRIBUTION, ETC.
Place of publication, distribution, etc. London
Name of publisher, distributor, etc. Gollancz
Date of publication, distribution, etc. 1963
300 ## - PHYSICAL DESCRIPTION
Extent 443p.
650 ## - SUBJECT ADDED ENTRY--TOPICAL TERM
Topical term or geographic name entry element France - Foreign Relations
650 ## - SUBJECT ADDED ENTRY--TOPICAL TERM
Topical term or geographic name entry element France - Economic Conditions
650 ## - SUBJECT ADDED ENTRY--TOPICAL TERM
Topical term or geographic name entry element France - Politics
Holdings
Withdrawn status Lost status Damaged status Not for loan Permanent Location Current Location Date acquired Full call number Barcode Date last seen Price effective from Koha item type
        Indian Institute of Public Administration Indian Institute of Public Administration 1994-05-21 F5x44 H675a 34743 2018-07-21 2018-07-21 Book

Powered by Koha